000 00967nam a2200193Ii 4500
003 JO-AjNU
008 230605s9999||||xx |||||||||||||| ||und||
040 _aJO-AjNU
_bara
_erda
_cJO-AjNU
041 _aara
050 1 4 _aLB2331.615 2016
100 3 _aهيئة إعتماد مؤسسات التعليم العالي، عمان,
_eauthor
_953231
245 0 0 _aهيئة إعتماد مؤسسات التعليم العالي وضمان جودتها = Accreditation and Quality Assurance Commission for Higher Education Institutions : دليل قياس معايير ضمان الجودة لمؤسسات التعليم العالي 2016
264 3 1 _aعمان: هيئة إعتماد مؤسسات التعليم العالي، 2016
300 _a180ص
336 _atext
_btxt
_2rdacontent
337 _aunmediated
_bn
_2rdamedia
338 _avolume
_bnc
_2rdacarrier
650 4 _aأدلة - التعليم العالي - هيئة الإعتماد - الأردن
_953232
999 _aA23628
_c27196
_d27196